[Event "Biel Rapid op 57th"]
[Site "Biel"]
[Date "2024.07.14"]
[Round "4"]
[White "Harish, Neeraj"]
[Black "Materia, Matteo"]
[Result "1-0"]
[WhiteElo "2123"]
[BlackElo "1860"]
[PlyCount "103"]
[EventDate "2024.07.14"]
[EventType "swiss (rapid)"]
[EventRounds "9"]
[EventCountry "SUI"]
[SourceTitle "EXT 2025"]
[Source "ChessBase"]
[SourceDate "2024.10.14"]
[SourceVersion "1"]
[SourceVersionDate "2024.10.14"]
[SourceQuality "1"]

1. e4 e5 2. Nf3 Nc6 3. Bc4 Nf6 4. d3 Bc5 5. 0-0 h6 6. c3 d6 7. Re1 Bg4 8. Nbd2 0-0 9. h3 Be6 10. Bxe6 fxe6 11. b4 Bb6 12. a4 a6 13. Nf1 Qe8 14. Be3 Bxe3 15. Rxe3 Nh5 16. g3 Nf6 17. N1h2 Qh5 18. Kg2 Qf7 19. b5 Ne7 20. bxa6 bxa6 21. Rb1 Rab8 22. d4 Ng6 23. Qf1 Rxb1 24. Qxb1 exd4 25. cxd4 e5 26. d5 Nd7 27. a5 Rb8 28. Rb3 Qe8 29. Nf1 Rxb3 30. Qxb3 Qb8 31. Qxb8+ Nxb8 32. Ne1 c5 33. Ne3 Ne7 34. Nc4 Nc8 35. Nc2 Kf7 36. f4 Nd7 37. Kf3 Kf6 38. N2e3 exf4 39. gxf4 g6 40. Ng4+ Kg7 41. e5 h5 42. Nge3 dxe5 43. fxe5 Ne7 44. Ke4 Nc8 45. d6 Kf7 46. Kd5 Ke8 47. e6 Nf6+ 48. Kxc5 g5 49. Kc6 Kd8 50. Ne5 Ng8 51. Nf7+ Ke8 52. d7+ 1-0

[Event "Biel Rapid op 57th"]
[Site "Biel"]
[Date "2024.07.14"]
[Round "3"]
[White "Materia, Matteo"]
[Black "Kuhn, Thomas"]
[Result "1/2-1/2"]
[WhiteElo "1860"]
[BlackElo "2094"]
[PlyCount "117"]
[EventDate "2024.07.14"]
[EventType "swiss (rapid)"]
[EventRounds "9"]
[EventCountry "SUI"]
[SourceTitle "EXT 2025"]
[Source "ChessBase"]
[SourceDate "2024.10.14"]
[SourceVersion "1"]
[SourceVersionDate "2024.10.14"]
[SourceQuality "1"]

1. e4 g6 2. d4 Bg7 3. Nc3 c6 4. Be3 d5 5. Qd2 dxe4 6. Nxe4 Nd7 7. Nf3 Ngf6 8. Nxf6+ Nxf6 9. Bc4 0-0 10. 0-0 Nd5 11. Bh6 Qd6 12. Bxg7 Kxg7 13. Rfe1 Bg4 14. Ne5 Be6 15. Bb3 Rad8 16. Rad1 Nc7 17. Bxe6 Nxe6 18. c3 Qd5 19. Qc2 a6 20. Qb3 Qxb3 21. axb3 Rd5 22. b4 a5 23. bxa5 Rxa5 24. Ra1 Rfa8 25. Rxa5 Rxa5 26. g3 g5 27. Re2 h5 28. h3 Nc7 29. Nc4 Ra1+ 30. Kg2 Nd5 31. Ne3 Nxe3+ 32. Rxe3 e6 33. Re2 Kg6 34. Kf3 Kf5 35. g4+ hxg4+ 36. hxg4+ Kf6 37. Kg3 Ke7 38. Kg2 Rb1 39. Kf3 Kd6 40. Ke4 Rg1 41. f3 Rh1 42. c4 Rh4 43. c5+ Kd7 44. Ke5 Ke7 45. Rg2 Rh3 46. Rf2 f6+ 47. Ke4 Rh1 48. Kd3 Re1 49. Kc3 f5 50. Kd3 f4 51. Re2 Rh1 52. Ke4 Kf6 53. Kd3 Rh3 54. Rf2 e5 55. Ke4 exd4 56. Kxd4 Rh1 57. Rd2 Rf1 58. Ke4 Re1+ 59. Kd4 1/2-1/2

[Event "Biel op-B 56th"]
[Site "Biel"]
[Date "2023.07.17"]
[Round "1"]
[White "Materia, Matteo"]
[Black "Brait, Wolfgang"]
[Result "1/2-1/2"]
[WhiteElo "1780"]
[BlackElo "1915"]
[PlyCount "51"]
[EventDate "2023.07.17"]
[EventType "swiss"]
[EventRounds "9"]
[EventCountry "SUI"]
[SourceTitle "EXT 2024"]
[Source "ChessBase"]
[SourceDate "2023.10.10"]
[SourceVersion "1"]
[SourceVersionDate "2023.10.10"]
[SourceQuality "1"]

1. e4 c6 2. d4 d5 3. exd5 cxd5 4. c4 Nf6 5. Nc3 e6 6. Nf3 Be7 7. Be3 0-0 8. Be2 dxc4 9. Bxc4 Nbd7 10. 0-0 Nb6 11. Bb3 Nbd5 12. Qe2 b6 13. Rfd1 Bb7 14. Rac1 Rc8 15. Ne5 a6 16. Nxd5 Nxd5 17. Rxc8 Qxc8 18. Rc1 Qa8 19. Nd7 Rd8 20. Bxd5 Rxd7 21. Bxb7 Qxb7 22. Qc4 Bd8 23. Qb3 Rc7 24. Rxc7 Qxc7 25. d5 exd5 26. Qxd5 1/2-1/2